00577nas a22001577a 4500008004100000245002700041260007500068300000900143440008200152546001400234650003900248650001300287650005100300650001700351856005100368130520t????9999ag ||||| |||| 00| 0 spa d aMonografias Esenciales aBuenos Aires,bSociedad Iberoamericana de Informacion Cientifica:cs/f av. : aNueva propuesta terapeutica en la Incontinencia de Orina y Vejiga Hiperactiva aespañol aINCONTINENCIA URINARIA-TRATAMIENTO aUROLOGIA aENFERMEDADES DE LA VEJIGA URINARIA-TRATAMIENTO aDARIFENACINA uhttp://www.siicsalud.com/lmr/siicdatabases.php